| 000 | 00895nam a2200265 a 4500 | ||
|---|---|---|---|
| 001 | 000013258 | ||
| 005 | 20240412074238.0 | ||
| 008 | 091123s1986 dr 000 0 spa d | ||
| 040 |
_aDO-SdBNP _bspa _cBNPHU |
||
| 082 |
_aRD863.44 _bV297s |
||
| 100 | 1 |
_aVargas Gómez, Andres, _d1915- _930458 |
|
| 245 | 1 | 0 |
_aSombras y luces : _b(antología) / _cAdres Vargas Gómez. |
| 260 |
_aSanto Domingo : _bCorripio, _c1986. |
||
| 300 |
_a186 p. ; _c23 cm. |
||
| 505 | 0 |
_tContiene: El amor tiene muchas almas. _tEl ánfora. _tNabucodonosor. |
|
| 563 | _aTres obras encuadernadas juntas con paginación contínua | ||
| 590 | _aInventariado, 2020/VM | ||
| 650 | 4 |
_aNovela cubana _92316 |
|
| 650 | 4 |
_aDrama cubano _930459 |
|
| 650 | 0 |
_aLiteratura dominicana. _967 |
|
| 740 | 0 | 2 | _aEl amor tiene muchas almas |
| 740 | 0 | 2 | _aEl ánfora |
| 740 | 0 | 2 | _aNabucodonosor |
| 910 | _aValidado. Control de calidad MFF | ||
| 999 |
_c12889 _d12889 |
||